Statistics for Cities Of Niue

Click here to take the quiz!

General Stats

  • This quiz has been taken 12 times
  • The average score is 7 of 15

Answer Stats

Cities% Correct
Alofi
100%
Hakupu
60%
Toi
60%
Alofi North
40%
Alofi South
40%
Avatele
40%
Hikutavake
40%
Lakepa
40%
Liku
40%
Makefu
40%
Mutalau
40%
Namukulu
40%
Tamakautoga
40%
Tuapa
40%
Vaiea
40%

Score Distribution

Percentile by Number Answered

Percent of People with Each Score

Your Score History

You have not taken this quiz